00657nam a2200229Ia 4500001000700000003000500007005001700012008004100029010001100070040000900081082001900090110007600109245004300185260004200228300000900270503002200279503002100301503002100322650002600343650001500369650004300384Z_1767CHAP20221116101636.0220113s1995 mx a c a001 0 spa d a164858 cCHAP aC 580.742 I548 aINEGI (Instituto Nacional de Estadística Geografía e Informática) aCatálogo de herbario INEGI /cINEGI aAguascalientes, Ags. :bINEGI,c1995 a3 v. aej.1 v.1: 181009  aej.1 v.2: 181009 aej.1 v.3: 181009 aBotánicaxMéxico  aHerbarios  aPlantasxColección y preservación